Movies Quiz

Random Movies or Box Office Quiz

Highest-Grossing Movies by Author Quiz Stats

Quiz Updated Jan 2, 2018

Challenge
Share
Tweet
Embed
Score 0/60 Timer 12:00
0 Plays Today
% Correct
Romeo + Juliet
76%
Harry Potter and the Sorcerer's Stone
69.3%
Pride and Prejudice
68.5%
The Lorax
64.5%
Harry Potter and the Half-Blood Prince
62.5%
Charlie and the Chocolate Factory
57%
Hamlet
56.7%
Jurassic Park
55.9%
The Passion of the Christ
55.4%
Casino Royale
54.4%
The Notebook
53.7%
Spectre
51.4%
Charlotte's Web
51.2%
Sense and Sensibility
50.5%
A Christmas Carol
47%
Jurassic World
46.9%
War of the Worlds
46.6%
The BFG
46.5%
Noah
45.9%
Emma
45.8%
Horton Hears a Who!
45.2%
The Firm
44.4%
How the Grinch Stole Christmas
42.6%
Matilda
40.5%
Die Another Day
38.7%
The Hunt for Red October
37.3%
The Time Machine
36.2%
The Three Musketeers
36%
The Pelican Brief
34.6%
Great Expectations
33.8%
% Correct
Dear John
30.8%
The Count of Monte Cristo
30.4%
Around the World in 80 Days
29.5%
The Lost World: Jurassic Park
29.4%
No Country for Old Men
25.9%
The Green Mile
24.9%
A Time to Kill
23.1%
Journey to the Center of the Earth
23.1%
Clear and Present Danger
22.8%
The Man in the Iron Mask
21.6%
Stuart Little
20.8%
It
20%
The Sum of All Fears
17.1%
Much Ado About Nothing
14.6%
Harry Potter and the Deathly Hallows Part 2
14.1%
Minority Report
10.8%
Prince of Egypt
10.8%
All the Pretty Horses
10%
The Polar Express
9.6%
Stuart Little 2
8.3%
Total Recall
6.9%
Jumanji
6.6%
Safe Haven
6.4%
Journey 2: The Mysterious Island
5.9%
The Counselor
5%
1408
4.5%
Oliver and Company
3.4%
Zathura: A Space Adventure
3.2%
Blade Runner 2049
2.8%
The Island of Dr. Moreau
2.7%

You're not logged in!

Compare scores with friends on all Sporcle quizzes.
Sign Up with Email
OR
Log In

You Might Also Like...

Show Comments

Extras

Top Quizzes Today


Score Distribution

Your Account Isn't Verified!

In order to create a playlist on Sporcle, you need to verify the email address you used during registration. Go to your Sporcle Settings to finish the process.